[Event "Morbihan-ch 0607"]
[Site "Morbihan"]
[Date "2007.01.13"]
[Round "4"]
[White "Lassimonne, Herve"]
[Black "Duplessy, Franck"]
[Result "0-1"]
[WhiteElo "1520"]
[BlackElo "2068"]
[PlyCount "52"]
[EventDate "2006.10.21"]
[EventType "swiss"]
[EventRounds "7"]
[EventCountry "FRA"]
[SourceTitle "EXT 2009"]
[Source "ChessBase"]
[SourceDate "2008.11.26"]
[SourceVersion "1"]
[SourceVersionDate "2008.11.26"]
[SourceQuality "1"]

1. e4 c5 2. Nf3 Nc6 3. d4 cxd4 4. Nxd4 Nf6 5. Nc3 d6 6. Be2 g6 7. Be3 Bg7 8. Qd2 h5 9. f3 a6 10. Bc4 Bd7 11. Bb3 Rc8 12. 0-0-0 b5 13. Nxc6 Bxc6 14. Rhe1 Nd7 15. Nd5 Nc5 16. Qb4 a5 17. Qd2 a4 18. Bd4 f6 19. Bxc5 dxc5 20. Nxf6+ Bxf6 21. Qxd8+ Rxd8 22. Rxd8+ Kxd8 23. Rd1+ Kc7 24. Bd5 Bg5+ 25. Kb1 Rd8 26. a3 e6 0-1

[Event "Morbihan-ch 0506"]
[Site "Arradon"]
[Date "2005.11.06"]
[Round "2"]
[White "Lassimonne, Herve"]
[Black "Grouazel, Fernand"]
[Result "1-0"]
[WhiteElo "1490"]
[BlackElo "1550"]
[PlyCount "95"]
[EventDate "2005.10.01"]
[EventType "swiss"]
[EventRounds "7"]
[EventCountry "FRA"]
[SourceTitle "EXT 2007"]
[Source "ChessBase"]
[SourceDate "2006.11.23"]
[SourceVersion "1"]
[SourceVersionDate "2006.11.23"]
[SourceQuality "1"]

1. e4 e6 2. d4 d5 3. Nc3 Bb4 4. e5 c5 5. a3 cxd4 6. axb4 dxc3 7. bxc3 Ne7 8. Bd3 Qc7 9. Ne2 0-0 10. f4 a6 11. 0-0 b6 12. Qe1 Ng6 13. Rf3 Nc6 14. Ba3 b5 15. Nd4 Nce7 16. Bc1 f6 17. Nxb5 Qd8 18. Nd6 fxe5 19. fxe5 Rxf3 20. gxf3 Nf5 21. Bxf5 exf5 22. f4 Bd7 23. Qd1 Be6 24. Be3 Ne7 25. Nb7 Qc7 26. Nc5 Qc6 27. b5 Qc8 28. Rxa6 Rxa6 29. bxa6 Nc6 30. Nxe6 Qxe6 31. a7 Nxa7 32. Bxa7 Qc6 33. h4 h6 34. Qd3 Kh7 35. Qxf5+ Qg6+ 36. Qxg6+ Kxg6 37. e6 Kf6 38. f5 g6 39. Bd4+ Ke7 40. fxg6 Kxe6 41. g7 Kf7 42. Kf2 Kg8 43. Kf3 Kf7 44. Kg4 Kg8 45. Kf5 Kf7 46. h5 Kg8 47. Ke6 Kh7 48. Kxd5 1-0

[Event "Morbihan-ch 0405"]
[Site "Arradon"]
[Date "2005.03.05"]
[Round "5"]
[White "Le Barh, Thomas"]
[Black "Lassimonne, Herve"]
[Result "1-0"]
[WhiteElo "1490"]
[BlackElo "1390"]
[PlyCount "77"]
[EventDate "2004.10.10"]
[EventType "swiss"]
[EventRounds "7"]
[EventCountry "FRA"]
[SourceTitle "EXT 2007"]
[Source "ChessBase"]
[SourceDate "2006.11.23"]
[SourceVersion "1"]
[SourceVersionDate "2006.11.23"]
[SourceQuality "1"]

1. e4 e5 2. d3 d5 3. exd5 Qxd5 4. Nc3 Qd8 5. g3 Nf6 6. Bg2 Bb4 7. Nge2 0-0 8. 0-0 Nc6 9. Bg5 Be6 10. Ne4 Be7 11. Nxf6+ Bxf6 12. Bxf6 Qxf6 13. Qd2 Rad8 14. Qe3 Bd5 15. Bxd5 Rxd5 16. Nc3 Ra5 17. Ne4 Qe7 18. c3 f5 19. Nd2 f4 20. Qe4 Qe6 21. Qc4 Rd5 22. Nf3 h6 23. Rfe1 Kh8 24. Kg2 b5 25. Qe4 Rfd8 26. d4 R8d6 27. dxe5 Nxe5 28. Nxe5 Rxe5 29. Qxe5 f3+ 30. Kxf3 Qf7+ 31. Kg2 Rd2 32. Qe8+ Qxe8 33. Rxe8+ Kh7 34. Rb1 a5 35. Rb8 c6 36. Rb6 b4 37. cxb4 a4 38. Rxc6 a3 39. bxa3 1-0

[Event "Morbihan-ch 0304"]
[Site "Morbihan"]
[Date "2004.03.27"]
[Round "6"]
[White "Le Gros, Nicolas"]
[Black "Lassimonne, Herve"]
[Result "0-1"]
[WhiteElo "1499"]
[BlackElo "1190"]
[PlyCount "92"]
[EventDate "2003.10.??"]
[EventType "swiss"]
[EventRounds "7"]
[EventCountry "FRA"]
[SourceTitle "EXT 2005"]
[Source "ChessBase"]
[SourceDate "2004.11.15"]
[SourceVersion "1"]
[SourceVersionDate "2004.11.15"]
[SourceQuality "1"]

1. d4 Nf6 2. Nf3 e6 3. a3 d5 4. c4 c5 5. e3 Bd6 6. cxd5 exd5 7. g3 0-0 8. Bd3 Re8 9. 0-0 Bg4 10. Nbd2 Nbd7 11. Qb3 c4 12. Nxc4 dxc4 13. Bxc4 Re7 14. Ng5 Qe8 15. Nxf7 Rxf7 16. Bxf7+ Qxf7 17. Qxf7+ Kxf7 18. Bd2 Ne4 19. Bb4 Bh3 20. Rfd1 Bg4 21. Rdc1 Bf3 22. Bxd6 Nxd6 23. Rc7 Ke7 24. h3 Bc6 25. Rc1 Nb5 26. R7xc6 bxc6 27. f4 Kd6 28. a4 Nc7 29. e4 Rb8 30. Rc2 c5 31. d5 Rb4 32. Re2 c4 33. g4 Rxa4 34. g5 Ra2 35. Rc2 Ra4 36. Rc3 Nb5 37. Rc2 c3 38. bxc3 Rxe4 39. c4 Nd4 40. Ra2 Rxf4 41. Rxa7 Nf3+ 42. Kg2 Nxg5 43. Ra6+ Ke5 44. Kg3 Rf3+ 45. Kg4 h6 46. Kh5 Kf5 0-1

[Event "Morbihan-ch 0304"]
[Site "Morbihan"]
[Date "2004.02.21"]
[Round "5"]
[White "Lassimonne, Herve"]
[Black "Forlot, Dominique"]
[Result "0-1"]
[WhiteElo "1210"]
[BlackElo "1499"]
[PlyCount "60"]
[EventDate "2003.10.??"]
[EventType "swiss"]
[EventRounds "7"]
[EventCountry "FRA"]
[SourceTitle "EXT 2005"]
[Source "ChessBase"]
[SourceDate "2004.11.15"]
[SourceVersion "1"]
[SourceVersionDate "2004.11.15"]
[SourceQuality "1"]

1. e4 e5 2. d4 exd4 3. Qxd4 Nc6 4. Qe3 d6 5. Nc3 Be6 6. Bd2 g6 7. g3 Ne5 8. h3 Bh6 9. f4 Ne7 10. Qf2 N5c6 11. Bb5 a6 12. Bxc6+ Nxc6 13. Nf3 Bg7 14. 0-0-0 Nb4 15. a3 a5 16. e5 0-0 17. Be3 Ra6 18. Nd4 c5 19. Nxe6 fxe6 20. exd6 Bxc3 21. bxc3 Na2+ 22. Kd2 Rxd6+ 23. Ke2 Nxc3+ 24. Kf3 Rxd1 25. Rxd1 Nxd1 26. Qe1 Qd5+ 27. Ke2 Nxe3 28. Kxe3 Qd4+ 29. Ke2 Qe4+ 30. Kf1 Qxe1+ 0-1